000 002660000a22000970004500
100 1 _aCarasik, Michael
245 1 0 _aQohelet's twist and turns
300 _aVol. 28, Núm 2 (2003), Páginas 192-209
773 0 _tJournal for the Study of the Old Testament
942 _cANA
999 _c54936
_d54936